| 000 | 00375nam a2200145 a 4500 | ||
|---|---|---|---|
| 001 | 5759 | ||
| 003 | CDMR | ||
| 005 | 20131003125229.0 | ||
| 008 | 130130s ||||||||||||||||||||||||||||d | ||
| 040 |
_aCDMR _bcat _cCDMR |
||
| 245 | 0 | _aLingüística aplicada a la radio y la televisión | |
| 260 | _bInstituto Oficial de Radio y Televisión | ||
| 300 | _a28 p. | ||
| 942 |
_cFULLET _2udc |
||
| 999 |
_c5759 _d5759 |
||